000 00549nam a2200217Ia 4500
003 OSt
005 20220928144011.0
006 a|||||r|||| 00| 0
007 ta
008 220927b |||||||| |||| 00| 0 eng d
024 _a23459
037 _cTextual
040 _aSDCL
_cSDCL
_beng
041 _2eng
_aeng
082 _a4, N5
100 _aTripathi Rameshchandra
_9506301
245 0 _aPatrkarita
_b Siddhant evam swaroop.
260 _c1995
942 _h4, N5
_cTEXL
_2CC
999 _c825405
_d825405